| 000 | 00503nam a2200181Ia 4500 | ||
|---|---|---|---|
| 003 | OSt | ||
| 005 | 20250526170958.0 | ||
| 008 | 220927b |||||||| |||| 00| 0 eng d | ||
| 040 |
_aSDCL _cSDCL _beng |
||
| 041 |
_2eng _aeng |
||
| 084 | _aw2,N7 L2 RR | ||
| 100 |
_aSharma, Jagdish Saran _9352134 |
||
| 245 | 0 | _aNational biographical dictionary of India | |
| 260 |
_aNew Delhi : _bSterling Publishers, _c1972. |
||
| 300 | _a302p | ||
| 942 |
_cREF _2CC _n0 |
||
| 999 |
_c727550 _d727550 |
||